| 000 | 00908 a2200217 4500 | ||
|---|---|---|---|
| 001 | 63365 | ||
| 005 | 20260407155931.0 | ||
| 008 | 260407a1950 arg spa d | ||
| 003 | AR-UNSa-BCEJYS | ||
| 040 |
_aAR-UNSa-BCEJYS _bspa _cAR-UNSa-BCEJYS |
||
| 080 |
_a517.9 _xEcuaciones diferenciales. Ecuaciones integrales. Otras ecuaciones funcionales. Diferencias finitas. Cálculo de variaciones. Análisis funcional |
||
| 245 | 1 | 0 | _aIntegración de ecuaciones diferenciales ordinarias |
| 264 | 1 |
_aMadrid : _bDossat _c1950 |
|
| 300 |
_a154 p. _c22 cm. |
||
| 505 | _a1. Ecuaciones de primer orden y de primer grado - 2. Curvas integrales - 3. Ecuaciones de grado superior - 4. Ecuaciones de segundo orden - 5. Ecuaciones lineales - 6. Soluciones por desarrollo en serie - | ||
| 041 | _aspa | ||
| 942 | _cBK | ||
| 590 | _aniveau_biblio:m niveau_hierar:0 | ||
| 100 | 1 | _aInce, E.L. | |
| 700 | 1 | _aBravo Gala, Luis | |
| 999 |
_c8149 _d8149 |
||